Reformation Europe

Αποθηκεύτηκε σε:
Λεπτομέρειες βιβλιογραφικής εγγραφής
Κύριος συγγραφέας: Rublack, Ulinka
Μορφή: Βιβλίο
Γλώσσα:English
Δημοσίευση: Cambridge : Cambridge University Press, 2005
Σειρά:New approaches to European history ; ; 28
Θέματα:
Ετικέτες: Προσθήκη ετικέτας
Δεν υπάρχουν, Καταχωρήστε ετικέτα πρώτοι!

MARC

LEADER 00000nam a2200000 i 4500
001 1/85471
008 080519s2005 eng d
020 |a 0-521-00369-5 
035 |l 10097426 
040 |a GR-MY-UA  |b gre  |e aacr 
041 0 |a eng 
082 0 |a 274.06  |2 (22) 
100 1 |a Rublack, Ulinka. 
245 1 0 |a Reformation Europe /  |c Ulinka Rublack 
260 |a Cambridge :   |b Cambridge University Press,   |c 2005 
300 |a xiv, 208 σ.;  |b εικ. ;  |c 23 εκ. 
490 1 |a New approaches to European history  |v ; 28 
504 |a Ευρετήριο: σ. 203-208 
650 0 0 |a Reformation  |z Europe. 
830 0 |a New approaches to European history ;  |v ; 28 
852 |a INST  |b LESVOS  |e 20080519  |h 274.06 RUB  |p 005100042531  |q 005100042531  |t BK  |y 0 
901 |a BIBL1-2008-2 
909 |a Λ  |b 144014 
922 |a 1ΕΛΗ  |b 200801  |c ΕΠΕΑΕΚ2/ΤΚΑ  |d ΠΑΠΑΣΩΤΗΡΙΟΥ 
970 |a ΧΑΤΖΗΜΙΧΑΗΛ  |b ΜΑΡΙΑ  |z 2008/05/19